000 00444nam a2200157 i 4500
001 22610
003 ES-MaACL
005 20230906152727.0
007 t|
008 021203s1977 sp ||||1| gao d
100 1 _aAlonso Montero, Xesús.
_920364
245 1 0 _aLingua, literatura e sociedade en Galicia /
_cXesús Alonso Montero.
260 _a[Madrid] :
_bAkal,
_c[1977]
300 _a301 p. ;
_c19 cm.
852 _aES-MaACL
_jA-7223
_bR.96221
999 _c22610
_d22610